000 00444nam a2200157 4500
001 108610
003 ES-MaACL
005 20230906184655.0
007 t|
008 061121s1915 fr r ||||1| fre d
100 1 _aMontfort, Eugène.
_982624
245 1 3 _aLa belle- enfant ou l'Amour á 40 ans
_b: Roman /
_cEugene Montfort.
260 _aParís :
_b[s.n.,
_c1915] (
_fImp. Luse)
300 _a286 p. ;
_c18 cm.
852 _aES-MaACL
_jF-2883
999 _c108610
_d108610